ABA bank marketing

Detalles Bibliográficos
Título anterior:Bank marketing
Autor Corporativo: ABA Marketing Network
Formato: Desconocido
Lenguaje:inglés
Publicado: Washington, DC : ABA Marketing Network
Materias:
Acceso en línea:Acceso restringido

MARC

LEADER 00000ny a22000003n 4500
003 EbpS
005 20110511130923.0
006 m d ||||||
007 cr anunnnuuuaa
008 010914c20019999us m p 0 a0eng d
022 0 |a 1539-7890  |y 0888-3149 
035 |a 2983  
040 |d vLex 
050 0 0 |a HG1501  |b .B157 
050 0 0 |a HG1501  |b .B157 
090 |c 1670  |d 1670 
245 3 0 |a ABA bank marketing  |h [Recurso electrn̤ico] 
246 3 |a American Bankers Association bank marketing 
246 3 |a Bank marketing 
256 |a Servicio en ln̕ea 
260 |a Washington, DC :  |b ABA Marketing Network 
310 |a Ten no. a year 
506 1 |a Contenido solo disponible en los productos indicados  |d vLex Global  |d vLex Global (Academic Edition, excluding Law Schools)  |d vLex Global (Academic Edition, Law Schools) 
650 0 4 |a Bancos  |x Direccin̤  |x Estados Unidos  |x Publicaciones perid̤icas 
650 0 4 |a Bancos  |x Marketing  |z Estados Unidos  |x Publicaciones perid̤icas 
710 2 |a ABA Marketing Network 
740 0 |a vLex Revista (Servicios en ln̕ea) 
780 0 0 |t Bank marketing  |x 0888-3149 
853 |8 1  |i (year)  |j (month)  |k (day) 
856 4 0 |z Acceso restringido  |u http://vlex.com/account/login_ip?fuente_id=2983  
942 |c REV 
999 0 |a Bank management  |z United States  |v Periodicals 
999 0 |a Bank marketing  |z United States  |v Periodicals